00606nam a22001697a 4500003000600000005001700006008004100023040000800064082001800072100001800090245013200108260006400240300002700304650002800331650006400359650001300423GBCCL20241126110507.0171218b xxu||||| |||| 00| 0 eng d cgbc a289.9092bCAM aDennie, Steve aTio Archie:bArchie Cameron and the story of Honduras Conference of the Church of the United Brethren in Christ /cSteve Dennie bChurch of the United Brethren in Christ,aHuntington:c2001 a256 p.;bill.,c23 cm. aCameron, Archiey1917 - aChurch of the United Brethren in ChristvMissionszHonduras aMissions